[Event "Belgrade-chT Quality"]
[Site "Belgrade"]
[Date "2011.10.22"]
[Round "3"]
[White "Obradovic, Dragan"]
[Black "Starcevic, Goran"]
[Result "0-1"]
[WhiteElo "2120"]
[BlackElo "2148"]
[PlyCount "160"]
[EventDate "2011.10.15"]
[EventType "team-swiss"]
[EventRounds "11"]
[EventCountry "SRB"]
[SourceTitle "EXT 2012"]
[Source "ChessBase"]
[SourceDate "2011.11.24"]
[SourceVersion "1"]
[SourceVersionDate "2011.11.24"]
[SourceQuality "1"]

1. d4 Nf6 2. Nf3 e6 3. Bf4 d5 4. c3 c5 5. e3 Nc6 6. Bd3 Bd6 7. Bg3 Qe7 8. Ne5 Nd7 9. Nxd7 Bxd7 10. Bxd6 Qxd6 11. Nd2 e5 12. dxe5 Nxe5 13. Be2 0-0 14. Nf3 Nc6 15. Qc2 Qe7 16. 0-0 Rac8 17. Rad1 Be6 18. a3 Rfd8 19. Bd3 g6 20. Rfe1 c4 21. Be2 Bf5 22. Qd2 Be4 23. Nd4 Ne5 24. f3 Bd3 25. Bxd3 Nxd3 26. Re2 Nc5 27. Qe1 Re8 28. Qg3 Qe5 29. Qg4 Rcd8 30. Rdd2 a6 31. g3 Rd6 32. Qf4 Qe7 33. Qg4 Kh8 34. h4 Nd3 35. b4 Ne5 36. Qg5 f6 37. Qh6 Rd7 38. Qf4 Nd3 39. Qh6 Qd6 40. Kg2 Rg7 41. h5 Qe5 42. f4 Qe4+ 43. Kh2 Reg8 44. Rg2 Ne1 45. Rge2 Nf3+ 46. Nxf3 Qxf3 47. Rg2 Rf7 48. Rdf2 Qxh5+ 49. Qxh5 gxh5 50. Rd2 Re8 51. Rge2 Rfe7 52. Rxd5 Rxe3 53. Rxe3 Rxe3 54. Rd8+ Kg7 55. Rd7+ Kg6 56. Rxb7 Rxc3 57. a4 Rb3 58. b5 axb5 59. axb5 Kf5 60. Rc7 Rxb5 61. Rxc4 Kg4 62. f5+ Kxf5 63. Kh3 Kg5 64. Ra4 Rb3 65. Rc4 f5 66. Ra4 Re3 67. Rf4 Re4 68. Rf1 h4 69. gxh4+ Rxh4+ 70. Kg3 Rg4+ 71. Kh3 h5 72. Rf2 f4 73. Ra2 Rg3+ 74. Kh2 Kg4 75. Rf2 h4 76. Ra2 h3 77. Ra1 Rg2+ 78. Kh1 Rc2 79. Rg1+ Kf3 80. Rf1+ Ke3 0-1

[Event "Belgrade CupT final"]
[Site "Belgrade"]
[Date "2008.04.09"]
[Round "1"]
[White "Popovic, Aleksandar M"]
[Black "Obradovic, Dragan"]
[Result "1-0"]
[WhiteElo "2261"]
[BlackElo "2116"]
[PlyCount "47"]
[EventDate "2008.04.09"]
[EventType "team-swiss"]
[EventRounds "5"]
[EventCountry "SRB"]
[SourceTitle "EXT 2023"]
[Source "ChessBase"]
[SourceDate "2022.10.05"]
[SourceVersion "1"]
[SourceVersionDate "2022.10.05"]
[SourceQuality "1"]

1. e4 e6 2. Nc3 d5 3. Nf3 dxe4 4. Nxe4 Nd7 5. d4 Ngf6 6. Nxf6+ Nxf6 7. Bd3 Be7 8. 0-0 0-0 9. Ne5 c5 10. dxc5 Bxc5 11. Bg5 Be7 12. Qf3 Nd7 13. Nxd7 Qxd7 14. Rad1 Qc7 15. Bf4 Qb6 16. Rfe1 Bf6 17. Bd6 Rd8 18. Be5 Bxe5 19. Rxe5 Bd7 20. Bxh7+ Kf8 21. Qa3+ Ke8 22. Bd3 g6 23. Re3 Qd4 24. Rxe6+ 1-0

[Event "Belgrade Winter op"]
[Site "Belgrade"]
[Date "2007.01.27"]
[Round "4"]
[White "Obradovic, Dragan"]
[Black "Rakocevic, Miraz"]
[Result "1-0"]
[WhiteElo "2146"]
[BlackElo "1793"]
[PlyCount "85"]
[EventDate "2007.01.24"]
[EventType "swiss"]
[EventRounds "9"]
[EventCountry "YUG"]
[SourceTitle "EXT 2010"]
[Source "ChessBase"]
[SourceDate "2010.11.25"]
[SourceVersion "1"]
[SourceVersionDate "2010.11.25"]
[SourceQuality "1"]

1. d4 d5 2. Nf3 Nf6 3. Bf4 e6 4. e3 a6 5. Nbd2 Bd6 6. Ne5 Nbd7 7. Bd3 c5 8. c3 c4 9. Bc2 Nf8 10. h4 Ng6 11. Bg3 Qc7 12. Nxg6 fxg6 13. Bxd6 Qxd6 14. e4 dxe4 15. Nxe4 Qc6 16. Qe2 0-0 17. Nxf6+ Rxf6 18. Be4 Qc7 19. h5 g5 20. Bc2 Bd7 21. Qe4 Rh6 22. Qe3 Qf4 23. Be4 Rb8 24. 0-0-0 Rf6 25. Rd2 b5 26. Qxf4 Rxf4 27. f3 Rb6 28. Re1 Rf6 29. d5 Rd6 30. Red1 e5 31. Re2 Bf5 32. b3 cxb3 33. axb3 Bxe4 34. Rxe4 Rf5 35. c4 bxc4 36. bxc4 Rf4 37. c5 Rxe4 38. fxe4 Rd8 39. c6 Kf7 40. d6 Rc8 41. d7 Rxc6+ 42. Kb1 Rb6+ 43. Ka1 1-0

[Event "Belgrade Winter op"]
[Site "Belgrade"]
[Date "2006.01.29"]
[Round "9"]
[White "Obradovic, Dragan"]
[Black "Ocokoljic, Zoran"]
[Result "1-0"]
[WhiteElo "2109"]
[BlackElo "2115"]
[PlyCount "85"]
[EventDate "2006.01.21"]
[EventType "swiss"]
[EventRounds "9"]
[EventCountry "YUG"]
[SourceTitle "CBM 110 Extra"]
[Source "ChessBase"]
[SourceDate "2006.03.10"]
[SourceVersion "2"]
[SourceVersionDate "2006.03.10"]
[SourceQuality "1"]

1. d4 Nf6 2. Nf3 e6 3. Bf4 c5 4. c3 cxd4 5. cxd4 Bb4+ 6. Nc3 Nc6 7. Rc1 b6 8. e3 Bb7 9. Bd3 0-0 10. h3 Ne7 11. Qb3 Ned5 12. Bh2 Rc8 13. a3 Be7 14. Ne2 Nh5 15. 0-0 f5 16. Rxc8 Qxc8 17. Rc1 Qd8 18. Ne5 d6 19. Nc6 Bxc6 20. Rxc6 Nhf6 21. Nf4 Qd7 22. Qc2 Rf7 23. Ba6 g5 24. Nxd5 Nxd5 25. Bc8 Qe8 26. Bxe6 Nf6 27. Rc7 f4 28. exf4 gxf4 29. Bxf4 Kh8 30. Bxf7 Qxf7 31. Bxd6 Nd5 32. Be5+ Kg8 33. Rc8+ Bf8 34. Bd6 Ne7 35. Rc7 Qe6 36. Be5 Nd5 37. Rc6 Qf7 38. Qe4 Ne7 39. Rc7 Qb3 40. Qf4 Ng6 41. Qf6 Nxe5 42. dxe5 Qxb2 43. Qf7+ 1-0

[Event "Belgrade Zimski op"]
[Site "Belgrade"]
[Date "2005.01.27"]
[Round "5"]
[White "Obradovic, Dragan"]
[Black "Cetkovic, Bozidar"]
[Result "1/2-1/2"]
[WhiteElo "2153"]
[BlackElo "2255"]
[PlyCount "118"]
[EventDate "2005.01.22"]
[EventType "swiss"]
[EventRounds "9"]
[EventCountry "YUG"]
[SourceTitle "CBM 104 Extra"]
[Source "ChessBase"]
[SourceDate "2005.03.01"]
[SourceVersion "1"]
[SourceVersionDate "2005.03.01"]
[SourceQuality "1"]

1. d4 Nf6 2. Nf3 g6 3. c4 Bg7 4. Nc3 0-0 5. e4 d6 6. Be2 e5 7. 0-0 Nc6 8. d5 Ne7 9. Ne1 Nd7 10. Nd3 f5 11. f3 f4 12. Bd2 c5 13. a3 g5 14. Be1 h5 15. b4 b6 16. Rb1 Nf6 17. bxc5 bxc5 18. Qa4 a6 19. Bf2 Bd7 20. Qc2 Ra7 21. Rb3 g4 22. Rfb1 Qe8 23. Rb6 Nc8 24. Rb7 Rxb7 25. Rxb7 gxf3 26. Bxf3 Qg6 27. Kf1 Rf7 28. Bxc5 dxc5 29. Nxe5 Nxd5 30. Nxg6 Ne3+ 31. Ke2 Nxc2 32. Nd5 Nd4+ 33. Kd3 Nxf3 34. gxf3 Bh3 35. Rb8 Kh7 36. Ngxf4 Be5 37. Nxh3 Bxb8 38. Ng5+ Kg6 39. Nxf7 Kxf7 40. f4 Ke6 41. h3 a5 42. Ke3 h4 43. e5 Bxe5 44. fxe5 Kxe5 45. Nf4 Kf5 46. Ng2 Kg5 47. Ke4 Nb6 48. Ne3 a4 49. Ke5 Nd7+ 50. Kd6 Nf6 51. Ng2 Ne4+ 52. Kd5 Nf2 53. Kxc5 Nxh3 54. Kb4 Nf2 55. Nxh4 Kxh4 56. Kxa4 Kg5 57. Kb5 Kf6 58. c5 Ke6 59. Kb6 Nd3 1/2-1/2

[Event "Belgrade Zimski op"]
[Site "Belgrade"]
[Date "2005.01.26"]
[Round "4"]
[White "Kovacevic, Radmila"]
[Black "Obradovic, Dragan"]
[Result "0-1"]
[WhiteElo "2054"]
[BlackElo "2153"]
[PlyCount "92"]
[EventDate "2005.01.22"]
[EventType "swiss"]
[EventRounds "9"]
[EventCountry "YUG"]
[SourceTitle "CBM 104 Extra"]
[Source "ChessBase"]
[SourceDate "2005.03.01"]
[SourceVersion "1"]
[SourceVersionDate "2005.03.01"]
[SourceQuality "1"]

1. e4 e6 2. d3 d5 3. Qe2 Nf6 4. Nf3 b6 5. g3 Bb7 6. Nbd2 Be7 7. Bg2 c5 8. 0-0 0-0 9. h4 Nc6 10. c3 dxe4 11. dxe4 Qc7 12. e5 Nd7 13. Re1 Rfd8 14. Nf1 Nf8 15. Ng5 h6 16. Nh3 Na5 17. Qg4 Kh7 18. Qh5 Ng6 19. Ng5+ Bxg5 20. hxg5 Rh8 21. gxh6 Kg8 22. Nh2 Bxg2 23. Kxg2 Qb7+ 24. f3 Rd8 25. Bg5 Rd5 26. Ng4 Nc4 27. Rad1 Nxb2 28. Rxd5 Qxd5 29. Re2 Nd3 30. Bd2 Qc4 31. Re4 Qxa2 32. Qg5 Ndf4+ 33. gxf4 Qxd2+ 34. Kg3 Qd1 35. Kg2 Qd2+ 36. Kg3 b5 37. Qh5 a5 38. f5 exf5 39. e6 fxe4 40. exf7+ Kxf7 41. Qf5+ Ke7 42. Qxe4+ Kd7 43. Qb7+ Ke8 44. Qe4+ Ne7 45. Qe5 Qd5 46. Qb8+ Qd8 0-1

[Event "Belgrade Winter op"]
[Site "Belgrade"]
[Date "2004.01.24"]
[Round "4"]
[White "Obradovic, Dragan"]
[Black "Andrejic, Vladica"]
[Result "0-1"]
[WhiteElo "2201"]
[BlackElo "2076"]
[PlyCount "92"]
[EventDate "2004.01.21"]
[EventType "swiss"]
[EventRounds "9"]
[EventCountry "YUG"]
[SourceTitle "CBM 098 Extra"]
[Source "ChessBase"]
[SourceDate "2004.03.10"]
[SourceVersion "2"]
[SourceVersionDate "2004.03.10"]
[SourceQuality "1"]

1. d4 Nf6 2. Nf3 g6 3. c4 Bg7 4. Nc3 0-0 5. e4 d6 6. Be2 c6 7. 0-0 Na6 8. a3 Nc7 9. h3 Nd7 10. Be3 e5 11. Qc2 Qe7 12. Rad1 Re8 13. Bd3 exd4 14. Bxd4 Ne5 15. Nxe5 dxe5 16. Be3 Ne6 17. Ne2 b6 18. b4 c5 19. Nc3 Bb7 20. Nd5 Bxd5 21. cxd5 Nd4 22. Qb2 Rac8 23. Rc1 Kh8 24. f3 Rf8 25. Rc3 f5 26. Rfc1 fxe4 27. fxe4 Rc7 28. bxc5 bxc5 29. Rb1 h5 30. a4 Kh7 31. Qd2 Qd6 32. a5 Rf6 33. Bg5 Rff7 34. a6 Bf6 35. Be3 Bh4 36. Rcc1 Qd7 37. Bf1 g5 38. Bxd4 exd4 39. Qd3 Bf2+ 40. Kh1 Kh6 41. Rc2 Qd6 42. Be2 Be3 43. Qd1 Qg3 44. Rb3 Rf2 45. Bf3 Bf4 46. Kg1 Rxc2 0-1

[Event "Belgrade Winter op"]
[Site "Belgrade"]
[Date "2004.01.23"]
[Round "3"]
[White "Certic, Branimir"]
[Black "Obradovic, Dragan"]
[Result "1-0"]
[WhiteElo "2416"]
[BlackElo "2201"]
[PlyCount "141"]
[EventDate "2004.01.21"]
[EventType "swiss"]
[EventRounds "9"]
[EventCountry "YUG"]
[SourceTitle "CBM 098 Extra"]
[Source "ChessBase"]
[SourceDate "2004.03.10"]
[SourceVersion "2"]
[SourceVersionDate "2004.03.10"]
[SourceQuality "1"]

1. d4 d5 2. c4 e6 3. Nc3 Nf6 4. Bg5 Be7 5. Nf3 Nbd7 6. e3 0-0 7. Rc1 c6 8. Bd3 dxc4 9. Bxc4 Nd5 10. Bxe7 Qxe7 11. Qc2 Nxc3 12. Qxc3 b5 13. Be2 Bb7 14. 0-0 Rac8 15. b4 Rfe8 16. Rfd1 a6 17. a3 f6 18. Nd2 Kf7 19. Nb3 Ba8 20. Qc2 g6 21. e4 Red8 22. Rd3 Rc7 23. Qd2 Rdc8 24. Rdc3 Kg7 25. Qe3 Qd6 26. h4 f5 27. exf5 exf5 28. Bf3 Qf6 29. h5 Qd6 30. h6+ Kf8 31. Nc5 Nxc5 32. Rxc5 Re7 33. Qc3 Rce8 34. d5 cxd5 35. Qh8+ Kf7 36. Qg7+ Ke6 37. Qd4 Kf7 38. Rc7 Qf6 39. Bxd5+ Bxd5 40. Qxd5+ Kf8 41. Rxe7 Qxe7 42. Qd4 Kg8 43. Rc5 Rd8 44. Rd5 Rxd5 45. Qxd5+ Kf8 46. Qa8+ Qe8 47. Qxa6 Qe1+ 48. Kh2 Qxf2 49. Qf6+ Ke8 50. Qh8+ Kf7 51. Qxh7+ Kf6 52. Qg7+ Kg5 53. Qe5 Kxh6 54. Qxb5 Qh4+ 55. Kg1 Qe1+ 56. Qf1 Qe3+ 57. Qf2 Qxa3 58. Qh4+ Kg7 59. Qd4+ Kh6 60. b5 g5 61. Qf6+ Kh5 62. Qxf5 Qc1+ 63. Kh2 Qb2 64. Qh3+ Kg6 65. Qe6+ Kh5 66. b6 Qb4 67. Qf7+ Kh6 68. Qf6+ Kh5 69. Qf3+ Kg6 70. b7 Qd6+ 71. Qg3 1-0